Konštrukcie pozemných stavieb : Pre študijný odbor Konštrukcie a dopravné stavby
Enregistré dans:
| Auteurs principaux: | , |
|---|---|
| Format: | Livre |
| Langue: | slovaque |
| Publié: |
Bratislava :
SVŠT v Bratislave,
1976
|
| Tags: |
Pas de tags, Soyez le premier à ajouter un tag!
|
MARC
| LEADER | 00000nam a22000003a 4500 | ||
|---|---|---|---|
| 001 | stu92039 | ||
| 005 | 20150617225622.8 | ||
| 008 | 041209s1976----cs------------------slo-d | ||
| 040 | |a STU |b slo | ||
| 041 | 0 | |a slo | |
| 044 | |a cs | ||
| 080 | |a 624.9(075.8) | ||
| 080 | |a 625.7(075.8) |7 stu_us_auth*stu13467 | ||
| 100 | 1 | |a Horniaková, Lýdia |4 aut | |
| 245 | 1 | |a Konštrukcie pozemných stavieb : |b Pre študijný odbor Konštrukcie a dopravné stavby | |
| 260 | |a Bratislava : |b SVŠT v Bratislave, |c 1976 | ||
| 300 | |a 179 s | ||
| 700 | 1 | |a Iskrová, Alica, |d 1947- |4 aut |u V180 |U SvF Stavebná fakulta |T SvF Katedra konštrukcií pozemných stavieb |X 870 |U V180 |Y 18 |7 A000000870 | |
| 996 | |b 284V024881 |c V*1367/S-76 |l VVS |s A |a 24 |w stu92039_0001 | ||
| 996 | |b 284V024962 |c V*1909/S-77 |l VVS |s A |a 24 |w stu92039_0002 | ||